| 000 | 00346nam a22001457a 4500 | ||
|---|---|---|---|
| 003 | SGT | ||
| 020 | _a978-93-5090-377-3 | ||
| 082 |
_a618.92 _bP13P |
||
| 100 | _aPARTHASARATHY, A,ED. | ||
| 245 | _aTEXT BOOK OF PEDIATRIC INFECTIOUS DISEASES | ||
| 260 |
_aNEW DELHI _bJAYPEE PUB _c2013 |
||
| 300 | _a608 | ||
| 650 | _aAYURVEDA | ||
| 942 |
_2ddc _cBK _01 |
||
| 999 |
_c14706 _d14706 |
||